| 000 | 00432pam a2200169 a 4500 | ||
|---|---|---|---|
| 020 | _a047108672X : | ||
| 040 | _cDLC | ||
| 082 | 0 | 0 | _a681 WIL 1984 A038 Co. |
| 100 | 1 | _aKrutz, Gary. | |
| 245 | 1 | 0 | _aDesign of agricultural machinery / |
| 260 |
_aNew York : _bWiley, _cc1984. |
||
| 300 |
_avii, 472 p. : _bill. ; _c24 cm. |
||
| 650 | 0 | _aAgricultural machinery | |
| 700 | 1 | _aThompson, Lester. | |
| 700 | 1 | _aClaar, Paul. | |
| 942 | _cEK | ||
| 999 |
_c11562 _d11562 |
||